000 00341nam a2200109Ia 4500
008 221009s9999 xx 000 0 und d
082 _a001
100 _aराकेश गौतम
_969865
245 0 _aमध्‍य प्रदेश एक परिचय 7वां संसकरण
260 _bMcgraw Hill Education
942 _cBK
999 _c65170
_d65170